000 00515nam a2200181Ia 4500
005 20250508154302.0
008 008 250505s9999 xx 000 0 eng d
037 _aTextual
040 _aFEDL
_beng
_cFEDL
041 _aeng
_2eng
084 _a321.54, LUT
_qFEDL
100 _aLuthera Ved Prakash
245 0 _aConcept of secular state and India
260 _aCalcutta, India
_bOxford University Press
_c1964
300 _aix,187p.
942 _cTEXL
_h321.54, LUT
999 _c1349368
_d1349368